| 000 | 00510nam a2200181Ia 4500 | ||
|---|---|---|---|
| 999 |
_c20469 _d20469 |
||
| 003 | OSt | ||
| 005 | 20200703111223.0 | ||
| 008 | 190216s9999||||xx |||||||||||||| ||und|| | ||
| 020 | _a0099427214 | ||
| 040 | _coclc | ||
| 082 |
_a941.07 _bCOL/B |
||
| 100 |
_aColley, Linda _93498 |
||
| 245 | 0 |
_aBritons Forging The Nation 1707-1837 / _cLinda Colley |
|
| 260 |
_bVintage Books, _c1992. _aLondon: |
||
| 300 | _a464p | ||
| 650 | _aHistory | ||
| 942 |
_cBK _2ddc _h941.07 _iCOL/B _k941.07 _mCOL/B |
||